Arya and other stories (Record no. 224470)

MARC details
000 -LEADER
fixed length control field 02203nam a22002417a 4500
005 - DATE AND TIME OF LATEST TRANSACTION
control field 20251206102755.0
008 - FIXED-LENGTH DATA ELEMENTS--GENERAL INFORMATION
fixed length control field 220824b ||||| |||| 00| 0 eng d
020 ## - INTERNATIONAL STANDARD BOOK NUMBER
International Standard Book Number 9788125056805
040 ## - CATALOGING SOURCE
Transcribing agency Aloy
041 ## - LANGUAGE CODE
Language code of text/sound track or separate title eng
082 ## - DEWEY DECIMAL CLASSIFICATION NUMBER
Edition number 23
Classification number 820.301
Item number BALA
100 ## - MAIN ENTRY--PERSONAL NAME
Personal name Chandrika Balan
100 ## - MAIN ENTRY--PERSONAL NAME
9 (RLIN) 248102
245 ## - TITLE STATEMENT
Title Arya and other stories
260 ## - PUBLICATION, DISTRIBUTION, ETC.
Place of publication, distribution, etc. Hyderabad
Name of publisher, distributor, etc. Oriental Blackswan
Date of publication, distribution, etc. 2014
300 ## - PHYSICAL DESCRIPTION
Extent xvi,128p
Other physical details PB
Dimensions 21x14cm
365 ## - TRADE PRICE
Source of price type code English
Price type code 3496
Price amount 542.00
Currency code
Unit of pricing 695.00
Price note 22%
Price effective from 09-08-2022
520 ## - SUMMARY, ETC.
Summary, etc. She is from a village. She is angry at her conservative mother. She is a flawed activist. She is being judged. She makes compromises. She cannot die, even if she wills it. She chooses to command. Her children want to do away with her. She looks for friendships online. She craves for fame. She musters the courage to pursue her lover. What binds her through all these is her strength; she is indomitable. Arya and Other Stories is a collection of twelve short stories by Chandrika Balan, known in the Malayalam literary world as Chandramati. Balan brings to the reader a glimpse into the world of the woman in a village where feminism has reached. Here men know what feminism is, women know they can be independent; and, children know that their mother is not a caring-bearing machine. Balan’s exploration is into the kind of questions a woman here goes through. Employing different writing styles realism, magic realism and postmodernism - Balan weaves a sensitive fabric that is a study of the contemporary woman. Accompanied by K. Satchidanandan’s scholarly introduction that traces women’s writing tradition in Kerala, this collection of poignant and incisive short stories is bound to interest every reader of fiction and translation Table of Contents Devigramam Arya Bonsai The People’s Court The (Postmodern) Story of Jyoti Viswanath The Fifth One An Optical Illusion The Story of a Poem A Companion for the Twilight Hour Website Sponsors Please The Relevance of Graham Greene in the Life of a Bride
650 ## - SUBJECT ADDED ENTRY--TOPICAL TERM
Topical term or geographic name entry element English Fiction
9 (RLIN) 55318
650 ## - SUBJECT ADDED ENTRY--TOPICAL TERM
Topical term or geographic name entry element English Novel
9 (RLIN) 55319
650 ## - SUBJECT ADDED ENTRY--TOPICAL TERM
Topical term or geographic name entry element Malayalam Story Tr in English
9 (RLIN) 55357
650 ## - SUBJECT ADDED ENTRY--TOPICAL TERM
Topical term or geographic name entry element Short Stories
9 (RLIN) 55320
942 ## - ADDED ENTRY ELEMENTS (KOHA)
Source of classification or shelving scheme Dewey Decimal Classification
Koha item type Book
Holdings
Withdrawn status Lost status Source of classification or shelving scheme Damaged status Not for loan Collection code Home library Current library Date acquired Source of acquisition Cost, normal purchase price Total Checkouts Full call number Barcode Date last seen Cost, replacement price Price effective from Koha item type
    Dewey Decimal Classification     English St Aloysius Library St Aloysius Library 08/11/2022 Biblios Book Point, Surathkal, Mangalore-575014 542.00   820.301 BALA 075956 08/24/2022 695.00 08/24/2022 Book